000 00181nam a2200085 4500
001 1258552
005 20260312190717.0
245 _aZEHRA
_cNABİZADE NAZIM
260 _bANONİM YAYINLARI
999 _c1258552
_d1258552